[Event "Open A"]
[Site "Hamburg GER"]
[Date "2005.10.07"]
[Round "7"]
[White "Huschenbeth,N"]
[Black "Dembo,Y"]
[Result "0-1"]
[WhiteElo "2248"]
[BlackElo "2441"]

1.e4 c5 2.Nf3 Nc6 3.d4 cxd4 4.Nxd4 Nf6 5.Nc3 d6 6.Bg5 Bd7 7.Qd2 Rc8 8.f4 h6
9.Bxf6 gxf6 10.Be2 h5 11.O-O-O Nxd4 12.Qxd4 Qa5 13.Kb1 Qc5 14.Qd5 Qxd5 15.Nxd5 f5
16.exf5 Bxf5 17.Ne3 Bd7 18.Bf3 Bc6 19.Bxc6+ bxc6 20.Rhe1 Kd7 21.f5 Rg8 22.Re2 Bg7
23.c4 Bf6 24.h3 Rg3 25.Nf1 Rg5 26.Ne3 Rb8 27.b3 a5 28.Rd3 c5 29.Kc2 Bd4 30.Nd5 e6
31.fxe6+ fxe6 32.Nf4 e5 33.Nd5 Rf8 34.Rdd2 Rf1 35.Rd1 Rf7 36.Rdd2 Ke6 37.Rd1 h4
38.Kd3 Rfg7 39.Rf1 Rf5 40.Rxf5 Kxf5 41.Kd2 e4 42.Kc2 Ke5 43.Kd2 Rb7 44.Kc2 Rf7
45.Kd2 Rg7 46.Kd1 Ra7 47.Kc2 Rb7 48.Kd2 Rf7 49.Ke1 a4 50.Kd1 axb3 51.axb3 Ra7
52.Kc1 Ra3 53.Kc2 Ra7 54.Kc1 Rg7 55.Kd2 Rg3 56.Kc2 Kf5 57.Ne7+ Kf4 58.Nd5+ Ke5
59.Rd2 e3 60.Re2 Ke4 61.Nb6 Rg8 62.Nd5 Rf8 63.Kd1 Kd3 64.Re1 Rf2 65.b4 Ra2
66.Nf4+ Kxc4 67.bxc5 Bxc5 68.Re2 Ra1+ 69.Kc2 Rf1 70.Nd3 Bd4 71.Re1 Rxe1 72.Nxe1 Bc3  0-1

[Event "Open A"]
[Site "Hamburg GER"]
[Date "2005.10.08"]
[Round "8"]
[White "Bodnar,A"]
[Black "Logothetis,S"]
[Result "1/2-1/2"]
[WhiteElo "2408"]
[BlackElo "2285"]

1.e4 c5 2.Nf3 d6 3.d4 cxd4 4.Nxd4 Nf6 5.Nc3 Nc6 6.Bg5 Bd7 7.Be2 Qa5 8.Bxf6 gxf6
9.f4 Nxd4 10.Qxd4 Rc8 11.O-O-O Qc5 12.g3 Qxd4 13.Rxd4 f5 14.Bb5 Bxb5 15.Nxb5 a6
16.Na3 fxe4 17.Rxe4 d5 18.Re2 e6 19.Nb1 Bg7 20.Nd2 O-O 21.Nf3 Rc4 22.Rd1 Rfc8
23.Kb1 Rb4 24.Ne5 Bxe5 25.Rxe5 Rcc4 26.a3 Rb6 27.Rde1 Rbc6 28.R1e2 Kg7 29.Rg5+ Kf8
30.Rh5 Kg7 31.Rg5+ Kf6 32.Rh5 Kg6 33.Rg5+  1/2-1/2

[Event "Lichtenrader Autumn"]
[Site "Berlin GER"]
[Date "2005.10.09"]
[Round "9"]
[White "Langrock,H"]
[Black "Richter,Go"]
[Result "1-0"]
[WhiteElo "2432"]
[BlackElo "2073"]

1.e4 c5 2.Nf3 d6 3.d4 cxd4 4.Nxd4 Nf6 5.Nc3 Nc6 6.Bg5 e6 7.Qd2 a6 8.O-O-O Bd7
9.f4 Be7 10.Nf3 b5 11.Bxf6 gxf6 12.Kb1 Qb6 13.f5 b4 14.fxe6 fxe6 15.Ne2 O-O
16.Nf4 Qc5 17.g3 f5 18.exf5 e5 19.Nd3 Qa5 20.Nh4 Bxh4 21.gxh4 Kh8 22.Qh6 Bxf5
23.Qxd6 Nd4 24.Rg1 Rad8 25.Qe7 Ne6 26.Be2 Qb5 27.Rdf1 Rd7 28.Qxe6  1-0

[Event "Cupa ULIM"]
[Site "Kishinev MDA"]
[Date "2005.10.11"]
[Round "4"]
[White "Dergausov,D"]
[Black "Vasiliev,Alexandr"]
[Result "1-0"]
[WhiteElo "2117"]
[BlackElo "1914"]

1.e4 c5 2.Nf3 d6 3.d4 cxd4 4.Nxd4 Nf6 5.Nc3 Nc6 6.Bg5 Qb6 7.Nb3 e6 8.Qd2 Be7
9.O-O-O a6 10.f4 Qc7 11.Be2 b5 12.Rhe1 Bb7 13.Bf3 O-O-O 14.Re3 h6 15.Bh4 g5
16.fxg5 Nd7 17.Be2 hxg5 18.Bg3 Nde5 19.Nd5 exd5 20.exd5 Nc4 21.Bxc4 bxc4
22.dxc6 Bxc6 23.Na5 Bb5 24.a4 Bxa4 25.Nxc4  1-0

[Event "Goodbye Summer Open"]
[Site "Omis CRO"]
[Date "2005.10.12"]
[Round "4"]
[White "Zufic,M"]
[Black "Susak,Z"]
[Result "1/2-1/2"]
[WhiteElo "2391"]
[BlackElo "2235"]

1.e4 c5 2.Nf3 Nc6 3.d4 cxd4 4.Nxd4 Nf6 5.Nc3 d6 6.Bg5 e6 7.Qd2 a6 8.O-O-O Bd7
9.f4 Qc7 10.Bxf6 gxf6 11.Kb1 O-O-O 12.f5 Kb8 13.g3 h5 14.Bh3 Nxd4 15.Qxd4 Be7
16.Qd3 h4 17.Bg4 Rdg8 18.h3 hxg3 19.Rhg1 Qc5 20.Rxg3 Rg5 21.Rf3 Rc8 22.a3 Rd8
23.Ne2 d5 24.fxe6 Bxe6 25.Rff1 dxe4 26.Qxe4 f5 27.Qf4+ Ka8 28.Rxd8+ Bxd8
29.Bf3 Rg8 30.Rd1 Bf6 31.Qd6 Qa5 32.Qb4 Qxb4 33.axb4 Rh8 34.Nf4 Bc8 35.Bg2 Be5
36.Nd3 Rd8 37.Rh1 Bd4 38.h4 Rg8 39.Bf3 Rg3 40.Rf1 Rh3 41.h5 Be6 42.Nf4 Rh4
43.c3 Rxf4 44.cxd4 Bd5 45.Bg2 Rxd4 46.Bxd5 Rxd5  1/2-1/2

[Event "Goodbye Summer Open"]
[Site "Omis CRO"]
[Date "2005.10.12"]
[Round "4"]
[White "Fercec,N"]
[Black "Jankovic,A"]
[Result "1-0"]
[WhiteElo "2512"]
[BlackElo "2446"]

1.e4 c5 2.Nf3 Nc6 3.d4 cxd4 4.Nxd4 Nf6 5.Nc3 d6 6.Bg5 e6 7.Qd2 a6 8.O-O-O Bd7
9.f4 b5 10.Bxf6 gxf6 11.Kb1 Qb6 12.Nxc6 Bxc6 13.Qe1 Ra7 14.f5 Qc5 15.Bd3 b4
16.Ne2 Bh6 17.fxe6 fxe6 18.Rf1 Bg7 19.Nf4 Qe5 20.Bc4 f5 21.Nd3 Qd4 22.exf5 Qxc4
23.Rf4 Qd5 24.f6 Bf8 25.Nxb4 Qc5 26.Qxe6+ Kd8 27.f7 Be7 28.Nxc6+ Qxc6 29.Rc4 Qd7
30.Rxd6 Bxd6 31.Qf6+ Qe7 32.Qxh8+ Qf8 33.Qf6+ Kd7 34.Qf5+  1-0

[Event "TCh-CZE Extraliga 2005-6"]
[Site "Czech Rep CZE"]
[Date "2005.10.15"]
[Round "1"]
[White "Ruzicka,P"]
[Black "Zeleny,T"]
[Result "1-0"]
[WhiteElo "2293"]
[BlackElo "2276"]

1.e4 c5 2.Nf3 d6 3.d4 cxd4 4.Nxd4 Nf6 5.Nc3 Nc6 6.Bg5 e6 7.Qd2 Be7 8.O-O-O O-O
9.f3 Nxd4 10.Qxd4 a6 11.h4 b5 12.g4 Bb7 13.Kb1 Rc8 14.Bd3 e5 15.Qg1 Rxc3
16.bxc3 Qa5 17.Bxf6 Bxf6 18.Qa7 Bc8 19.Bf1 Qa3 20.Bxb5 Bd8 21.Bc4 Qxc3 22.Bb3 Qb4
23.Qe3 Bc7 24.a3 Qb5 25.Ka2 Qc6 26.Qd3 Be6 27.Rb1 Kh8 28.Bd5 Bxd5+ 29.exd5 Qc5
30.Rb3 Qf2 31.h5 a5 32.Rf1 Qh2 33.Rb7 Bd8 34.Rb8 f5 35.Qxf5 Kg8 36.Qe6+ Kh8
37.Rc8 Qf4 38.Rb1 Qxf3 39.Rbb8 Qe2 40.Qxd6  1-0

[Event "TCh-NED 2005-6"]
[Site "Netherlands NED"]
[Date "2005.10.15"]
[Round "2"]
[White "Wiersma,E"]
[Black "Cardon,H"]
[Result "1-0"]
[WhiteElo "2431"]
[BlackElo "2397"]

1.e4 c5 2.Nf3 Nc6 3.d4 cxd4 4.Nxd4 Nf6 5.Nc3 d6 6.Bg5 e6 7.Qd2 a6 8.O-O-O h6
9.Nxc6 bxc6 10.Bf4 d5 11.Qe3 Be7 12.Be2 O-O 13.h4 Re8 14.Qg3 Kf8 15.Bc7 Qd7
16.Be5 Qb7 17.Rh3 Rd8 18.Qf4 d4 19.Rhd3 c5 20.Bf3 Ne8 21.Bxg7+ Nxg7 22.e5 Qc7
23.Qxh6 Kg8 24.Be4  1-0

[Event "12th Young Masters"]
[Site "Zug SUI"]
[Date "2005.10.15"]
[Round "8"]
[White "Widmer,S"]
[Black "Van Delft,M"]
[Result "1-0"]
[WhiteElo "2201"]
[BlackElo "2385"]

1.e4 c5 2.Nf3 d6 3.d4 cxd4 4.Nxd4 Nf6 5.Nc3 Nc6 6.Bg5 Qb6 7.Be3 Qc7 8.Ndb5 Qa5
9.Bd2 Qd8 10.Nd5 Nxd5 11.exd5 Ne5 12.Be2 a6 13.Nd4 g6 14.O-O Bg7 15.Be3 O-O
16.c4 e6 17.f4 exd5 18.fxe5 dxe5 19.Nf3 d4 20.Bf2 Bf5 21.Bd3 e4 22.g4 Qd7
23.gxf5 Qxf5 24.Nxd4 Qg5+ 25.Kh1 exd3 26.Qxd3 Rad8 27.Rad1 Rd7 28.Nf3 Rxd3
29.Nxg5 Rfd8 30.Rxd3 Rxd3 31.Bc5 Rd2 32.Rf2 Rxf2 33.Bxf2 Bxb2 34.Kg2 f5 35.Ne6  1-0

[Event "TCh-HUN 2005-6"]
[Site "Hungary HUN"]
[Date "2005.10.16"]
[Round "1"]
[White "Racz,Z"]
[Black "Balogh,V"]
[Result "1/2-1/2"]
[WhiteElo "2329"]
[BlackElo "2272"]

1.e4 c5 2.Nf3 d6 3.d4 cxd4 4.Nxd4 Nf6 5.Nc3 Nc6 6.Bg5 a6 7.Bxf6 gxf6 8.Nb3 e6
9.Qd2 Bd7 10.O-O-O Qb6 11.f4 O-O-O 12.Be2 h5 13.g3 Kb8 14.Kb1 Rc8 15.Rhf1 Be7
16.Na4 Qc7 17.c4  1/2-1/2

[Event "TCh-HUN 2005-6"]
[Site "Hungary HUN"]
[Date "2005.10.16"]
[Round "1"]
[White "Tolnai,T"]
[Black "Butunoi,A"]
[Result "1-0"]
[WhiteElo "2459"]
[BlackElo "2418"]

1.e4 c5 2.Nf3 d6 3.d4 cxd4 4.Nxd4 Nf6 5.Nc3 Nc6 6.Bg5 Bd7 7.Be2 Qa5 8.Bxf6 gxf6
9.O-O Qg5 10.Kh1 Rg8 11.g3 O-O-O 12.a4 Nxd4 13.Qxd4 Qc5 14.Qd2 e6 15.Ra3 Bc6
16.Bb5 Kb8 17.Rb3 Ka8 18.Qe2 Be7 19.a5 Rc8 20.a6 b6 21.Kg1 Rg5 22.Bxc6+ Qxc6
23.f4 Ra5 24.f5 Re5 25.Qh5 Qe8 26.Qxh7 d5 27.fxe6 dxe4 28.Nxe4 Rxe6 29.Qf5 Rc7
30.Rc3 Rxc3 31.Nxc3 Bc5+ 32.Kg2 Qc6+ 33.Qf3 Bd4 34.Qxc6+ Rxc6 35.Rd1 Rc4
36.Nb5 Be5 37.Rd8+ Bb8 38.b4 f5 39.Nd4 b5 40.Nxb5 Rc6 41.Rf8 Rxc2+ 42.Kh3 Rc6
43.Rxf7 f4 44.gxf4 Rxa6 45.Nc7+ Bxc7 46.Rxc7 Ra4 47.f5 Kb8 48.Re7 Kc8 49.f6 Kd8
50.Re3  1-0

[Event "SCG First League m"]
[Site "Vrnjacka Banja SCG"]
[Date "2005.10.17"]
[Round "1"]
[White "Popovic,Du"]
[Black "Ivanisevic,I"]
[Result "0-1"]
[WhiteElo "2480"]
[BlackElo "2588"]

1.e4 c5 2.Nf3 d6 3.d4 Nf6 4.Nc3 cxd4 5.Nxd4 Nc6 6.Bg5 Qb6 7.Nb3 e6 8.Qd2 a6
9.O-O-O Be7 10.f3 O-O 11.g4 Qc7 12.Be3 b5 13.g5 Nd7 14.Kb1 Rb8 15.h4 Nce5
16.Qg2 b4 17.Ne2 Nc4 18.Bc1 a5 19.Nf4 Ndb6 20.h5 a4 21.Bxc4 Qxc4 22.Nd2 Qc6
23.Nd3 b3 24.cxb3 Qb5 25.Nf1 axb3 26.a3 Ba6 27.g6 Bf6 28.Ne3 Qxd3+ 29.Rxd3 Bxd3+
30.Ka1 Ra8  0-1

[Event "SCG First League m"]
[Site "Vrnjacka Banja SCG"]
[Date "2005.10.18"]
[Round "2"]
[White "Vuckovic,Bo"]
[Black "Todorovic,J"]
[Result "1-0"]
[WhiteElo "2509"]
[BlackElo "2381"]

1.e4 c5 2.Nf3 d6 3.d4 cxd4 4.Nxd4 Nf6 5.Nc3 Nc6 6.Bg5 e6 7.Qd2 Be7 8.O-O-O O-O
9.f4 h6 10.Bh4 e5 11.Nf5 Bxf5 12.exf5 exf4 13.Kb1 d5 14.Bxf6 Bxf6 15.Nxd5 Be5
16.Bc4 b5 17.Bb3 a5 18.a3 a4 19.Ba2 b4 20.Nxb4 Qf6 21.Nxc6 Qxc6 22.Bd5 Qb6
23.Qb4 Qc7 24.Bxa8 Rb8 25.Rd4 Qa7 26.Qxa4 Qxd4 27.Qxd4 Bxd4 28.Rd1 Bxb2 29.Rd7 Bxa3+
30.Bb7 Kf8 31.Ka2 Be7 32.Bf3 g6 33.c4 Rb6 34.Rc7 Ra6+ 35.Kb3 Ra3+ 36.Kc2 Ra5
37.Bd5 gxf5 38.Kd3 Ke8 39.Rc6 Bc5 40.Rxh6 Ra3+ 41.Kc2 Ke7 42.Rc6 Be3 43.h4 Ra1
44.h5 Rh1 45.Bf3 Bd4 46.Rc7+ Kd6 47.Rxf7 Kc5 48.Kd3 Be3 49.Rxf5+ Kd6 50.Ra5 Rb1
51.h6 Bc5 52.Ra6+ Ke5 53.h7 Rh1 54.Rg6 Be7 55.Bg4 f3 56.Bh3 Rd1+ 57.Kc2 Rd8  1-0

[Event "SCG First League m"]
[Site "Vrnjacka Banja SCG"]
[Date "2005.10.20"]
[Round "4"]
[White "Sedlak,N"]
[Black "Kotronias,V"]
[Result "1/2-1/2"]
[WhiteElo "2512"]
[BlackElo "2626"]

1.e4 c5 2.Nf3 Nc6 3.d4 cxd4 4.Nxd4 Nf6 5.Nc3 d6 6.Bg5 Qb6 7.Nb3 e6 8.Bd3 Be7
9.O-O O-O 10.Qe2 e5 11.Bc4 Bg4  1/2-1/2

[Event "5th Rohde Open"]
[Site "Sautron FRA"]
[Date "2005.10.23"]
[Round "2"]
[White "Crouan,S"]
[Black "Abergel,T"]
[Result "0-1"]
[WhiteElo "2221"]
[BlackElo "2436"]

1.e4 c5 2.Nf3 d6 3.d4 Nf6 4.Nc3 cxd4 5.Nxd4 Nc6 6.Bg5 e6 7.Qd2 a6 8.O-O-O Bd7
9.f4 h6 10.Bxf6 Qxf6 11.g3 Qxd4 12.Qxd4 Nxd4 13.Rxd4 g5 14.Be2 Bc6 15.Bh5 Rd8
16.Rf1 Bg7 17.e5 dxe5 18.Rxd8+ Kxd8 19.fxg5 hxg5 20.Rxf7 Rxh5 21.Rxg7 Bf3
22.h3 e4 23.Kd2 Rxh3 24.Rxg5 Rh2+ 25.Ke3 Rxc2 26.Na4 b5 27.Nc5 Rxb2 28.Nxa6 Rxa2
29.Nb4 Ra3+ 30.Kf2 Bd1 31.Re5 e3+ 32.Ke1 e2 33.Rxb5 Rxg3 34.Re5 Ke7 35.Kd2 Kd6
36.Re4 Rb3 37.Nd3 Kd5 38.Re3 Kd4 39.Rh3 e1=Q+ 40.Kxe1 Rxd3  0-1

[Event "SCG First League m"]
[Site "Vrnjacka Banja SCG"]
[Date "2005.10.25"]
[Round "9"]
[White "Popovic,Pe"]
[Black "Benkovic,P"]
[Result "1/2-1/2"]
[WhiteElo "2509"]
[BlackElo "2433"]

1.e4 c5 2.Nf3 d6 3.d4 cxd4 4.Nxd4 Nf6 5.Nc3 Nc6 6.Bg5 Qb6 7.Be3 a6 8.Nb3 Qd8
9.Nd5 Nd7 10.c4 e6 11.Nc3 Be7 12.Be2 O-O 13.O-O b6 14.Rc1 Bb7 15.Qd2 Rc8
16.Nd4 Nce5 17.b3 Nf6 18.f3 Qc7 19.Kh1 Rfe8 20.Rfd1 Qb8 21.Nc2 Ned7 22.Bd4 Bd8
23.Bg1  1/2-1/2

[Event "SCG First League m"]
[Site "Vrnjacka Banja SCG"]
[Date "2005.10.25"]
[Round "9"]
[White "Vujacic,Bo"]
[Black "Leskur,D"]
[Result "1/2-1/2"]
[WhiteElo "2377"]
[BlackElo "2476"]

1.e4 c5 2.Nf3 d6 3.d4 cxd4 4.Nxd4 Nf6 5.Nc3 Nc6 6.Bg5 Qb6 7.Nb3 e6 8.Bxf6 gxf6
9.Qd2 Bd7 10.O-O-O O-O-O 11.f4 Kb8 12.Be2 h5 13.Rhf1 Na5 14.Kb1 Be7 15.Rf3 Nxb3
16.axb3 Rdg8 17.Bf1 Qa5 18.Rh3 f5 19.e5 d5 20.g3 h4 21.Qe1 Qb4 22.Bg2 Bc5
23.Qh1 Bc8 24.Ne2 Bf2 25.Bf3 Qb6 26.Qg2 a6 27.Nc1 Bc5 28.Rh1 Be7 29.Qe2 Bd7
30.g4 fxg4 31.Bxg4 Qd4 32.Rf1 Bb5 33.Nd3 f5 34.exf6 Bxf6 35.Bxe6 Bxd3 36.cxd3 Rd8
37.f5 Qb4 38.d4 Qxd4 39.Rd1 Qc5 40.Rhd3 d4 41.h3 Rh7 42.Rg1 Rc7 43.Qd2 Ka7
44.b4 Qe5  1/2-1/2

[Event "TCh-HUN 2005-6"]
[Site "Hungary HUN"]
[Date "2005.10.30"]
[Round "2"]
[White "Bokros,A"]
[Black "Toth,An1"]
[Result "1/2-1/2"]
[WhiteElo "2426"]
[BlackElo "2437"]

1.e4 c5 2.Nf3 Nc6 3.d4 cxd4 4.Nxd4 Nf6 5.Nc3 d6 6.Bg5 e6 7.Qd2 a6 8.O-O-O Bd7
9.f3 Be7 10.Kb1 b5 11.h4 Ne5 12.Bd3 h6 13.Be3 h5 14.Bg5 Qb6 15.Nce2 Rc8 16.Rhe1  1/2-1/2

[Event "Autumn Open"]
[Site "St Petersburg RUS"]
[Date "2005.10.30"]
[Round "2"]
[White "Kuzmin,Y"]
[Black "Part,F"]
[Result "1-0"]
[WhiteElo "2031"]
[BlackElo "2016"]

1.e4 c5 2.Nf3 d6 3.d4 cxd4 4.Nxd4 Nf6 5.Nc3 Nc6 6.Bg5 e6 7.Qd2 Be7 8.O-O-O O-O
9.f4 d5 10.e5 Nd7 11.h4 a6 12.Bxe7 Qxe7 13.h5 Re8 14.g4 Nxd4 15.Qxd4 b5 16.g5 g6
17.hxg6 fxg6 18.Nxd5 exd5 19.Qxd5+ Qf7 20.Qxa8 Qxf4+ 21.Kb1 Qxe5 22.Bh3 Nb6
23.Qf3 Nc4 24.Qb3 Bb7 25.Rhg1 Bf3 26.Rc1 Qd5 27.Qd3 Qc5 28.Qd7 Re7 29.Qc8+ Qxc8
30.Bxc8 a5 31.Rce1 Rc7 32.Bg4 Bd5 33.Be6+ Bxe6 34.Rxe6 Rc5 35.Re2 Ne5 36.Rf1 Nf7
37.Re8+ Kg7 38.Re7 Rf5 39.Rxf5 gxf5 40.Rb7 b4 41.a3 bxa3 42.bxa3 Kg6 43.Kc1 Nxg5
44.Kd2 f4 45.Ke2 Kh5 46.c4 Kg4 47.Rg7 h6 48.c5 Kg3 49.c6 Kg2 50.Rg6 f3+ 51.Ke3 f2
52.Rf6  1-0

[Event "9th Bavarian Open"]
[Site "Bad Wiessee GER"]
[Date "2005.11.04"]
[Round "7"]
[White "Morawietz,D"]
[Black "Miroshnichenko,E"]
[Result "1/2-1/2"]
[WhiteElo "2385"]
[BlackElo "2634"]

1.e4 c5 2.Nf3 d6 3.d4 cxd4 4.Nxd4 Nf6 5.Nc3 Nc6 6.Bg5 e6 7.Qd2 Be7 8.O-O-O O-O
9.f4 Nxd4 10.Qxd4 Qa5 11.Kb1 h6 12.h4 Rd8 13.Qd2 Kf8 14.g4 Bd7 15.Bxf6 Bxf6
16.Rh3 Bc6 17.Bg2 Rac8 18.g5 hxg5 19.hxg5 Bxc3 20.Rxc3 Be8 21.Rxc8 Qxd2 22.Rxd2 Rxc8
23.Rxd6 Bc6 24.c3 Ke7 25.Rd1 f6 26.Rg1 e5 27.gxf6+ gxf6 28.Bf3 exf4 29.Rg4 Rh8
30.Rxf4 Rh2 31.Bd1 Rh1 32.Kc2 Re1 33.Kd2 Rxe4 34.Rxe4+ Bxe4 35.Ke3 Bd5 36.b3 Kd6
37.Kf4 b6  1/2-1/2

[Event "9th Bavarian Open"]
[Site "Bad Wiessee GER"]
[Date "2005.11.05"]
[Round "8"]
[White "Koepke,C"]
[Black "Rau,H"]
[Result "0-1"]
[WhiteElo "2211"]
[BlackElo "2421"]

1.e4 c5 2.Nf3 Nc6 3.d4 cxd4 4.Nxd4 Nf6 5.Nc3 d6 6.Bg5 e6 7.Qd2 a6 8.O-O-O h6
9.Nxc6 bxc6 10.Bf4 d5 11.Qe3 Be7 12.Be2 O-O 13.Qg3 Kh8 14.Bc7 Qd7 15.Be5 Qb7
16.h4 a5 17.Qf4 Ng8 18.Bd6 Bxd6 19.Qxd6 Qb4 20.Qxc6 Rb8 21.Bb5 Bb7 22.Qb6 Ba8
23.Qd4 Rxb5 24.Nxb5 Qxb5 25.e5 Ne7 26.f4 Nf5 27.Qd3 Qa4 28.Rdf1 d4 29.Rf2 Qxa2
30.Qa3 Qxa3 31.bxa3 Rc8 32.Rd1 h5 33.Kb2 a4 34.Rd3 Be4 35.Rd1 Bxc2  0-1

[Event "TCh-NED 2005-6"]
[Site "Netherlands NED"]
[Date "2005.11.05"]
[Round "3"]
[White "Muhren,B"]
[Black "Cardon,H"]
[Result "1-0"]
[WhiteElo "2260"]
[BlackElo "2397"]

1.e4 c5 2.Nf3 Nc6 3.d4 cxd4 4.Nxd4 Nf6 5.Nc3 d6 6.Bg5 e6 7.Qd2 a6 8.O-O-O h6
9.Be3 Be7 10.f3 Nxd4 11.Qxd4 b5 12.e5 dxe5 13.Qxe5 Qa5 14.Rd4 Bb7 15.Be2 Rc8
16.Rhd1 Rxc3 17.bxc3 O-O 18.R1d3 Rc8 19.Qg3 Kf8 20.Kd1 Qxa2 21.Ke1 Qxc2 22.Kf1 Bd5
23.Qf2 Rxc3 24.Rxc3 Qxc3 25.Rd1 Ba3 26.Bd4 Qc7 27.Qe3 Be7 28.Be5 Qb7 29.Rc1 Ne8
30.Ra1 f6 31.Bd4 Nd6 32.Qa3 Nf5 33.Bc5 b4 34.Bxe7+ Qxe7 35.Qxa6 Qc5 36.Qa7 Qc3
37.Kf2 b3 38.Ra5 Kg8 39.Qc5 Qe5 40.g3 Nd4 41.Bd3 f5 42.Ra8+ Kh7 43.f4  1-0

[Event "9th Bavarian Open"]
[Site "Bad Wiessee GER"]
[Date "2005.11.06"]
[Round "9"]
[White "Zude,A"]
[Black "Cordts,I"]
[Result "1-0"]
[WhiteElo "2422"]
[BlackElo "2305"]

1.e4 c5 2.Nf3 Nc6 3.d4 cxd4 4.Nxd4 Nf6 5.Nc3 d6 6.Bg5 e6 7.Qd2 Be7 8.O-O-O Nxd4
9.Qxd4 a6 10.f4 b5 11.Be2 Qc7 12.e5 dxe5 13.fxe5 Nd5 14.Bxe7 Nxe7 15.Nxb5 Qa5
16.b4  1-0

[Event "9th Bavarian Open"]
[Site "Bad Wiessee GER"]
[Date "2005.11.06"]
[Round "9"]
[White "Jaracz,P"]
[Black "Miroshnichenko,E"]
[Result "1/2-1/2"]
[WhiteElo "2492"]
[BlackElo "2634"]

1.e4 c5 2.Nf3 d6 3.d4 cxd4 4.Nxd4 Nf6 5.Nc3 Nc6 6.Bg5 e6 7.Qd2 Be7 8.O-O-O O-O
9.f4 Nxd4 10.Qxd4 Qa5 11.Kb1 h6 12.h4 Rd8 13.Bd3 Bd7 14.e5 dxe5 15.fxe5 Bc6
16.Qf4 Nh5 17.Qg4 Rxd3 18.cxd3 hxg5 19.Qxh5 gxh4 20.Rxh4 Bxh4 21.Qxh4 Qd8
22.Qh3 Qg5 23.Rh1 Qh6 24.Qxh6 gxh6 25.Rxh6 Bxg2 26.Rh4 Bc6 27.Ne4  1/2-1/2

[Event "FSIMA November"]
[Site "Budapest HUN"]
[Date "2005.11.07"]
[Round "3"]
[White "Lengyel,B"]
[Black "Dougherty,M"]
[Result "1-0"]
[WhiteElo "2276"]
[BlackElo "2212"]

1.e4 c5 2.Nf3 d6 3.d4 cxd4 4.Nxd4 Nf6 5.Nc3 Nc6 6.Bg5 Qb6 7.Nb3 e6 8.Be2 a6
9.O-O Qc7 10.Bxf6 gxf6 11.f4 Bg7 12.Bh5 O-O 13.Rf3 Kh8 14.Rg3 b5 15.Qg4 Rg8
16.Qh4 Qe7 17.Rh3 h6 18.Rd1 Bb7 19.Bf3 Rac8 20.a3 Qc7 21.Kh1 Ne7 22.f5 Nc6
23.Qf4 Kh7 24.fxe6 fxe6 25.Qxd6 Nd8 26.Qd3 Nf7 27.Nd4 Ne5 28.Qe2 Qb6 29.Bg4 f5
30.Bxf5+ exf5 31.Nxf5 Rcd8 32.Nd5 Bxd5 33.exd5 Qg6 34.Nh4 Qg4 35.Nf3 Rge8
36.b3 Ng6 37.Qd3 Rd6 38.c4 bxc4 39.bxc4 Kg8 40.Rg3 Qe4 41.Qxe4 Rxe4 42.c5 Rf6
43.d6 Bf8 44.d7 Be7 45.d8=Q+ Bxd8 46.Rxd8+ Kf7 47.h3 Rc4 48.Rd7+ Ke8 49.Rd6 Kf7
50.Rxf6+  1-0

[Event "FSIMB November"]
[Site "Budapest HUN"]
[Date "2005.11.07"]
[Round "3"]
[White "Horvath,And"]
[Black "Ignacz,M"]
[Result "1-0"]
[WhiteElo "2339"]
[BlackElo "2286"]

1.e4 c5 2.Nf3 d6 3.d4 cxd4 4.Nxd4 Nf6 5.Nc3 Nc6 6.Bg5 e6 7.Qd2 a6 8.O-O-O Bd7
9.f3 h6 10.Be3 Be7 11.g4 b5 12.h4 Rc8 13.Nxc6 Bxc6 14.Bg2 b4 15.Ne2 d5 16.e5 Nd7
17.f4 Ba4 18.b3 Bb5 19.Kb1 Bxe2 20.Qxe2 a5 21.f5 Qc7 22.Bd4 a4 23.fxe6 fxe6
24.g5 a3 25.Rc1 Bc5 26.c3 bxc3 27.Rxc3 Bxd4 28.Rxc7 Rxc7 29.Qg4 Bxe5 30.Qxe6+ Kd8
31.Qxd5 hxg5 32.Rd1 Re8 33.Qa8+ Rc8 34.Qxa3 gxh4 35.Bh3 Rc7 36.Qa4 Re7 37.Qa8+ Rc8
38.Qa5+ Rc7 39.Bxd7 Rxd7 40.Rxd7+ Kxd7 41.Qxe5  1-0

[Event "FSGM November"]
[Site "Budapest HUN"]
[Date "2005.11.07"]
[Round "3"]
[White "Szabo,Kr1"]
[Black "Murariu,A"]
[Result "0-1"]
[WhiteElo "2390"]
[BlackElo "2441"]

1.e4 c5 2.Nf3 Nc6 3.d4 cxd4 4.Nxd4 Nf6 5.Nc3 d6 6.Bg5 e6 7.Qd2 Be7 8.O-O-O Nxd4
9.Qxd4 O-O 10.f4 h6 11.Bh4 Qa5 12.Bc4 Qh5 13.Bg3 Rd8 14.e5 dxe5 15.Qxe5 Bd7
16.Be2 Qxe5 17.fxe5 Ne8 18.Bf3 Bc6 19.Bxc6 bxc6 20.Ne4 Nc7 21.c4 Na6 22.a3 Nc5
23.Nd6 a5 24.Rhe1 a4 25.Kc2 Bxd6 26.exd6 Nb3 27.Re3 Rab8 28.Bf2 Rd7 29.Rc3 e5
30.c5 Na5 31.Kc1 f6 32.Re1 Nb3+ 33.Kc2 Kf7 34.Rc4 Ra8 35.Ree4 Rda7 36.Rb4 Ke6
37.Rb6 Kd5 38.Re1 Nd4+ 39.Kd3 Kxc5 40.Rb4 Kxd6 41.Bxd4 exd4 42.Rxd4+ Kc5
43.Rc1+ Kb6 44.Rd6 Rc7 45.Rc4 Ra5 46.Rb4+ Rb5 47.Rxb5+ Kxb5 48.Re6 Rd7+ 49.Kc3 c5
50.Re8 Rb7 51.Re6 Ka5 52.Kc2 Kb5 53.Kc3 h5 54.Kc2 Rd7 55.Kc3 Rd4 56.Re7 Rc4+
57.Kd3 Rd4+ 58.Kc3 Rc4+ 59.Kd3 Rg4 60.Re2 h4 61.Rc2 f5 62.Rf2 g6 63.Kc3 Re4
64.Kd3 Kc6 65.Rf1 Kd5 66.Rf2 f4 67.Kc2 g5 68.Rd2+ Kc4 69.h3 Re3 70.Rf2 Kd4
71.Kd1 Ke4 72.Rc2 Kd4 73.Rf2 c4 74.Rc2 c3 75.bxc3+ Rxc3 76.Ra2 Kc4 77.Kd2 Kb3  0-1

[Event "FSGM November"]
[Site "Budapest HUN"]
[Date "2005.11.09"]
[Round "5"]
[White "Szabo,Kr1"]
[Black "Wittmann,W"]
[Result "1/2-1/2"]
[WhiteElo "2390"]
[BlackElo "2376"]

1.e4 c5 2.Nf3 d6 3.d4 cxd4 4.Nxd4 Nf6 5.Nc3 Nc6 6.Bg5 e6 7.Qd2 Be7 8.O-O-O Nxd4
9.Qxd4 O-O 10.f4 h6 11.Bh4 Qa5 12.Bc4 Qh5 13.Bg3 Rd8 14.Rhf1 Bd7 15.Kb1 Rac8
16.Bb3 Qa5 17.Qd3 Rxc3 18.bxc3 Bc6 19.Rfe1 d5 20.Bh4 dxe4 21.Qe3 Re8 22.c4 Qh5
23.Bg3 a5 24.a4 Bc5 25.Qe2 Qf5 26.Bf2 Bb4 27.Rf1 e3 28.Qxe3 Ne4 29.Be1 Qf6
30.Rf3 Rd8 31.c3 Bc5 32.Qe2 Rxd1+ 33.Bxd1 Nd6 34.Rf1 Qd8 35.Bb3 Ne4 36.Rf3 Qb6
37.Ka2 Be7 38.Qb2  1/2-1/2

[Event "Open"]
[Site "Lugano SUI"]
[Date "2005.11.18"]
[Round "1"]
[White "Johansson,A"]
[Black "Weindl,A"]
[Result "0-1"]
[WhiteElo "2082"]
[BlackElo "2352"]

1.e4 c5 2.Nf3 Nc6 3.d4 cxd4 4.Nxd4 Nf6 5.Nc3 d6 6.Bg5 Bd7 7.Bc4 Rc8 8.Bb3 Qa5
9.Bxf6 gxf6 10.O-O Nxd4 11.Qxd4 Qc5 12.Rfd1 Rg8 13.Nd5 Qxd4 14.Rxd4 Bg7 15.Rb4 Bc6
16.Ba4 Kd8 17.Bxc6 bxc6 18.Ne3 Kc7 19.Nf5 Bf8 20.Rc4 Rb8 21.b4 e6 22.Nd4 Rb6
23.Rc3 Rg4 24.a4 Rxe4 25.a5 Rxb4 26.Nxc6 Rbc4 27.Nxa7 Rxc3 28.Nb5+ Kb8 29.Nxc3 Rb4
30.g3 d5 31.Ra2 Ka7 32.Kg2 Ka6 33.Kf3 Bc5 34.Na4 Ba7 35.Nc3 Rc4 36.Ne2 Rc5
37.Nf4 e5 38.Nh5 Rc3+ 39.Kg4 e4 40.Nf4 Rc5 41.Kf5 Bb8 42.h4 Bxf4 43.gxf4 h5
44.Kxf6 d4 45.f5 Rxa5 46.Rb2 Rb5 47.Ra2+ Kb7 48.Kg5 Re5 49.Kf4 f6 50.c3 dxc3
51.Rc2 Rc5 52.Kxe4 Kc6 53.f4 Rc4+ 54.Kd3  0-1

[Event "WJun Girls"]
[Site "Instanbul TUR"]
[Date "2005.11.22"]
[Round "13"]
[White "Zhang Jilin"]
[Black "Zawadzka,J"]
[Result "1-0"]
[WhiteElo "2334"]
[BlackElo "2381"]

1.e4 c5 2.Nf3 d6 3.d4 cxd4 4.Nxd4 Nf6 5.Nc3 Nc6 6.Bg5 e6 7.Qd2 a6 8.O-O-O Bd7
9.f3 h6 10.Be3 b5 11.Nxc6 Bxc6 12.Ne2 Qc7 13.Nd4 Bb7 14.Bd3 Nd7 15.Rhe1 Be7
16.Kb1 Rc8 17.g4 Ne5 18.g5 hxg5 19.Bxg5 Rh5 20.h4 Bxg5 21.hxg5 Nxd3 22.Qxd3 Rxg5
23.f4 Rg2 24.Qh3 Rxc2 25.Nxc2 Qxc2+ 26.Ka1 Bxe4 27.Qe3 Bb7 28.Rxd6 Qc5 29.Qd2 a5
30.Rd7 Bc6 31.Rd3 b4 32.Rc1 Qe7 33.Qg2 Qd7 34.Qh3 Qc7 35.f5 Qf4 36.Rdd1 Ke7
37.fxe6 fxe6 38.Qh7 Qg5 39.Rg1 Bd5 40.Rcd1 Qe3 41.Rxg7+ Kd6 42.Qh2+ e5 43.Rg6+ Kc7
44.Rgg1 Kb7 45.Rge1 Qg5 46.Qxe5 Bf3 47.Rd7+ Kb6 48.Rd6+ Bc6 49.b3 Rh8 50.Kb2 Rh2+
51.Re2 Rh3 52.Rf6 Rh5 53.Ref2 Ka7  1-0

[Event "18th Belgrade Trophy"]
[Site "Obrenovac SCG"]
[Date "2005.11.22"]
[Round "1"]
[White "Sarenac,I"]
[Black "Kozhuharov,S"]
[Result "1-0"]
[WhiteElo "2115"]
[BlackElo "2419"]

1.e4 c5 2.Nf3 d6 3.d4 Nf6 4.Nc3 cxd4 5.Nxd4 Nc6 6.Bg5 e6 7.Qd2 a6 8.O-O-O Bd7
9.f4 b5 10.Bxf6 gxf6 11.Kb1 Qb6 12.Nxc6 Bxc6 13.Qe1 Ra7 14.f5 b4 15.Ne2 e5
16.Ng3 h5 17.h4 Qc5 18.Bd3 a5 19.Qe2 a4 20.Nxh5 Ke7 21.g4 Rxh5 22.gxh5 a3
23.Bc4 Bh6 24.Rh3 Ra8 25.Rg3 axb2 26.Qd3 Ra3 27.Bb3 Ra8 28.Kxb2 Rc8 29.Kb1 Bb7
30.Rg2 Qb6 31.Qe2 Ba6 32.Qg4 Rf8 33.Qh3 Rc8 34.Qg3 Rf8 35.Bd5 Qc5 36.Qb3 Qc8
37.Qxb4 Qc7 38.Bb3 Rb8 39.Qe1 Qc5 40.Rg3 Rb4 41.Rc3 Qb6 42.Rc7+ Kd8 43.Rxf7 Bc4
44.Rxf6  1-0

[Event "TCh-NED 2005-6"]
[Site "Netherlands NED"]
[Date "2005.11.26"]
[Round "4"]
[White "Timmermans,I"]
[Black "Brandenburg,D"]
[Result "0-1"]
[WhiteElo "2212"]
[BlackElo "2395"]

1.e4 c5 2.Nf3 d6 3.d4 cxd4 4.Nxd4 Nf6 5.Nc3 Nc6 6.Bg5 e6 7.Qd2 a6 8.O-O-O Bd7
9.f4 b5 10.Nxc6 Bxc6 11.Qe3 Be7 12.Bxf6 gxf6 13.f5 Qa5 14.Kb1 O-O-O 15.g3 Kb7
16.Bh3 b4 17.Ne2 e5 18.Nc1 Qc5 19.Rhe1 Qxe3 20.Rxe3 d5 21.exd5 Rxd5 22.Nd3 Rd7
23.Ree1 h5 24.b3 Rhd8 25.Nb2 Rxd1+ 26.Rxd1 Rxd1+ 27.Nxd1 Bc5 28.Bf1 Bf3 29.Kc1 Bg1
30.h3 Bh2 31.Kd2 Bxg3 32.Be2 Bf4+ 33.Ke1 Bg2 34.Bxh5 Bxh3 35.Bf3+ Kb6 36.Be4 Kc5
37.Kf2 Kd4 38.Bd3 Bg4 39.Nb2 a5 40.Nc4 e4 41.Be2 e3+  0-1